[Event "Cheliabinsk Panchenko Memorial op"]
[Site "Cheliabinsk"]
[Date "2019.09.17"]
[Round "9"]
[White "Menshikov, Ivan"]
[Black "Lefebr, Vladislav"]
[Result "0-1"]
[WhiteElo "1563"]
[BlackElo "1943"]
[PlyCount "86"]
[EventDate "2019.09.09"]
[EventType "swiss"]
[EventRounds "9"]
[EventCountry "RUS"]
[SourceTitle "EXT 2020"]
[Source "ChessBase"]
[SourceDate "2019.10.17"]
[SourceVersion "1"]
[SourceVersionDate "2019.10.17"]
[SourceQuality "1"]

1. e4 e5 2. Nf3 d5 3. exd5 e4 4. Qe2 Nf6 5. d3 Qxd5 6. Nc3 Bb4 7. Bd2 Bxc3 8. Bxc3 0-0 9. dxe4 Nxe4 10. Qd3 Nxc3 11. bxc3 Re8+ 12. Be2 Qa5 13. 0-0 Nc6 14. Nd4 Nxd4 15. cxd4 Bf5 16. Qb5 Qxb5 17. Bxb5 c6 18. Ba4 Rad8 19. c3 Re2 20. Rfe1 Rde8 21. Rxe2 Rxe2 22. Bb3 Kf8 23. Kf1 Rb2 24. Rc1 Bb1 25. c4 Bxa2 26. Bxa2 Rxa2 27. d5 Rd2 28. Rb1 cxd5 29. cxd5 Rxd5 30. Rxb7 Ra5 31. g3 Ra2 32. h4 h5 33. Kg2 g6 34. Kf3 a5 35. Ra7 a4 36. Kg2 a3 37. Kf3 Ra1 38. Kg2 a2 39. f3 Kg7 40. g4 Kf6 41. gxh5 gxh5 42. Kf2 Rh1 43. Ra6+ Kg7 0-1

[Event "Cheliabinsk Panchenko Memorial op"]
[Site "Cheliabinsk"]
[Date "2019.09.16"]
[Round "8"]
[White "Lefebr, Vladislav"]
[Black "Nasyrova, Ekaterina"]
[Result "0-1"]
[WhiteElo "1943"]
[BlackElo "2150"]
[PlyCount "102"]
[EventDate "2019.09.09"]
[EventType "swiss"]
[EventRounds "9"]
[EventCountry "RUS"]
[SourceTitle "EXT 2020"]
[Source "ChessBase"]
[SourceDate "2019.10.17"]
[SourceVersion "1"]
[SourceVersionDate "2019.10.17"]
[SourceQuality "1"]

1. e4 e5 2. Nf3 Nc6 3. Bb5 Nf6 4. d3 Bc5 5. c3 0-0 6. 0-0 d6 7. Bg5 Bb6 8. Nbd2 Ne7 9. Nc4 Ng6 10. Nxb6 axb6 11. Nh4 h6 12. Nxg6 fxg6 13. Bh4 g5 14. Bg3 Bg4 15. f3 Be6 16. d4 Qe7 17. Ba4 Bf7 18. Bb3 Kh8 19. a4 Bg6 20. Qd2 Bh7 21. Rad1 g4 22. Bh4 g5 23. Bg3 gxf3 24. gxf3 Rae8 25. Bc2 Qg7 26. dxe5 dxe5 27. c4 Bg8 28. b3 Nh5 29. Kh1 Be6 30. a5 bxa5 31. Qxa5 Nf4 32. Rd2 Bh3 33. Rg1 Ng6 34. Bd1 b6 35. Qc3 Qf6 36. Be2 Kh7 37. Rgd1 h5 38. b4 h4 39. Bf2 Nf4 40. Bf1 Be6 41. c5 bxc5 42. Bxc5 Rf7 43. b5 g4 44. Bf2 Rg8 45. b6 g3 46. Be1 cxb6 47. Rb1 Rfg7 48. Rbb2 b5 49. Qc6 g2+ 50. Rxg2 Nxg2 51. Bxg2 h3 0-1

[Event "Cheliabinsk Panchenko Memorial op"]
[Site "Cheliabinsk"]
[Date "2019.09.14"]
[Round "6"]
[White "Petrenko, Svetlana"]
[Black "Lefebr, Vladislav"]
[Result "1-0"]
[WhiteElo "2200"]
[BlackElo "1943"]
[PlyCount "79"]
[EventDate "2019.09.09"]
[EventType "swiss"]
[EventRounds "9"]
[EventCountry "RUS"]
[SourceTitle "EXT 2020"]
[Source "ChessBase"]
[SourceDate "2019.10.17"]
[SourceVersion "1"]
[SourceVersionDate "2019.10.17"]
[SourceQuality "1"]

1. e4 g6 2. d4 Bg7 3. c4 c6 4. Nc3 d5 5. e5 Nh6 6. h3 0-0 7. Nf3 a6 8. cxd5 cxd5 9. Qb3 Nc6 10. Qxd5 Nf5 11. Be3 Qb6 12. Qb3 Qxb3 13. axb3 Rd8 14. Rd1 Nb4 15. Rd2 b5 16. Bd3 Nxe3 17. fxe3 Nxd3+ 18. Rxd3 Bb7 19. Rd2 Rac8 20. Ke2 e6 21. Ra1 Bf8 22. Ne1 h5 23. g3 Be7 24. Nd3 h4 25. g4 Kg7 26. b4 f5 27. exf6+ Bxf6 28. Nc5 Rxc5 29. bxc5 Bg2 30. Rg1 Bc6 31. b4 Rf8 32. e4 a5 33. g5 Bd8 34. d5 axb4 35. dxc6 bxc3 36. Rd7+ Kg8 37. c7 Bxc7 38. Rxc7 Rb8 39. c6 b4 40. Rb7 1-0

[Event "Cheliabinsk-ch final"]
[Site "Cheliabinsk"]
[Date "2013.01.24"]
[Round "6"]
[White "Khazhipov, Timur"]
[Black "Lefebr, Vladislav"]
[Result "1/2-1/2"]
[WhiteElo "2134"]
[BlackElo "2091"]
[PlyCount "20"]
[EventDate "2013.01.15"]
[EventType "swiss"]
[EventRounds "9"]
[EventCountry "RUS"]
[SourceTitle "EXT 2014"]
[Source "ChessBase"]
[SourceDate "2013.11.20"]
[SourceVersion "1"]
[SourceVersionDate "2013.11.20"]
[SourceQuality "1"]

1. e4 c6 2. d4 g6 3. Nc3 d5 4. h3 Bg7 5. Nf3 Nh6 6. exd5 cxd5 7. Bf4 0-0 8. Qd2 Nf5 9. 0-0-0 Nc6 10. Nb5 a6 1/2-1/2

[Event "Anapa op"]
[Site "Anapa"]
[Date "2012.09.06"]
[Round "7"]
[White "Lefebr, Vladislav"]
[Black "Karaev, Seit"]
[Result "0-1"]
[WhiteElo "2128"]
[BlackElo "2058"]
[PlyCount "154"]
[EventDate "2012.08.30"]
[EventType "swiss"]
[EventRounds "9"]
[EventCountry "RUS"]
[SourceTitle "CBM 150 Extra"]
[Source "ChessBase"]
[SourceDate "2012.10.19"]
[SourceVersion "1"]
[SourceVersionDate "2012.10.19"]
[SourceQuality "1"]

1. e4 Nf6 2. e5 Nd5 3. d4 d6 4. c4 Nb6 5. f4 dxe5 6. fxe5 Nc6 7. Be3 Bf5 8. Nc3 e6 9. Nf3 Bg4 10. Be2 Bxf3 11. gxf3 Qh4+ 12. Bf2 Qf4 13. Qc1 Qf5 14. Qe3 Nb4 15. 0-0 Nc2 16. Qe4 Qxe4 17. fxe4 Nxa1 18. Rxa1 Be7 19. d5 0-0 20. a4 Nd7 21. Bg3 Bc5+ 22. Kg2 Bd4 23. Rd1 Bxe5 24. dxe6 Bxg3 25. Rxd7 Be5 26. e7 Rfe8 27. Nb5 Rec8 28. b4 a6 29. Na3 Re8 30. c5 Bf6 31. Rxc7 Rxe7 32. Rxe7 Bxe7 33. Nc4 Rd8 34. Kf3 Kf8 35. e5 f5 36. Nd6 Bxd6 37. exd6 Kf7 38. Bc4+ Kf6 39. Bd5 Rb8 40. Bxb7 Ke6 41. Bxa6 Rxb4 42. Bb5 g5 43. d7 Ke7 44. c6 Kd8 45. Kg2 h5 46. h3 g4 47. hxg4 hxg4 48. Kg3 Kc7 49. Kh4 Rb3 50. Bf1 Ra3 51. Bg2 Rxa4 52. Kg3 Ra3+ 53. Kf4 Ra2 54. Bh1 Ra1 55. Bg2 Rg1 56. Bd5 Rf1+ 57. Kg3 Rd1 58. Bg2 Rd4 59. Bh1 Rd2 60. Kf4 Kd8 61. Kg3 Rd4 62. Bg2 Ra4 63. Bd5 Kc7 64. Bg2 Ra8 65. Kf4 Ra2 66. Bd5 Rh2 67. Kg3 Rh3+ 68. Kf4 Rd3 69. Bh1 Rd1 70. Bg2 Rg1 71. Bd5 g3 72. Kxf5 Rd1 73. Bf3 Rd2 74. Ke6 g2 75. Bxg2 Rxg2 76. Ke7 Re2+ 77. Kf8 Kd8 0-1

[Event "Anapa op"]
[Site "Anapa"]
[Date "2012.09.04"]
[Round "5"]
[White "Lefebr, Vladislav"]
[Black "Ivanov, Nikolay A"]
[Result "1/2-1/2"]
[WhiteElo "2128"]
[BlackElo "1962"]
[PlyCount "139"]
[EventDate "2012.08.30"]
[EventType "swiss"]
[EventRounds "9"]
[EventCountry "RUS"]
[SourceTitle "CBM 150 Extra"]
[Source "ChessBase"]
[SourceDate "2012.10.19"]
[SourceVersion "1"]
[SourceVersionDate "2012.10.19"]
[SourceQuality "1"]

1. e4 c5 2. Nc3 e6 3. Bc4 Nc6 4. f4 d6 5. Nf3 Nf6 6. Qe2 Be7 7. d3 d5 8. Bb3 Nd4 9. Nxd4 cxd4 10. Nd1 dxe4 11. dxe4 0-0 12. 0-0 Bd7 13. Nf2 Bc6 14. Bd2 Qb6 15. Kh1 Rad8 16. e5 Bb5 17. Nd3 Nd5 18. f5 exf5 19. Rxf5 Qg6 20. Raf1 Bc6 21. a3 Bd7 22. Rxf7 Rxf7 23. Bxd5 Be6 24. Nf4 Rxf4 25. Bxe6+ Qxe6 26. Bxf4 Rc8 27. h3 Qg6 28. Rf2 Bh4 29. g3 Bd8 30. e6 Be7 31. Qe5 h6 32. c3 dxc3 33. bxc3 Bf6 34. Qd5 Rxc3 35. e7+ Kh7 36. Qe6 Qe8 37. Re2 Rxa3 38. Qf5+ Kh8 39. Kh2 Rc3 40. Bxh6 Rc7 41. Bxg7+ Kxg7 42. Re6 Bxe7 43. Qe5+ Kf7 44. Qf5+ Kg7 45. Qe5+ Kf7 46. Qh5+ Kf8 47. Qh6+ Kf7 48. Re2 Rc6 49. Qh5+ Kf8 50. Qh8+ Kf7 51. Qh7+ Kf8 52. h4 Rf6 53. h5 Qd7 54. Qh8+ Kf7 55. h6 Qd6 56. Qg7+ Ke8 57. Qg8+ Kd7 58. Qg4+ Kc7 59. Rc2+ Kb6 60. Qe4 Rxh6+ 61. Kg2 a5 62. Rb2+ Kc7 63. Qxb7+ Kd8 64. Rc2 Ke8 65. Qb5+ Kf7 66. Qxa5 Qe6 67. Rf2+ Rf6 68. Qh5+ Kg7 69. Qg5+ Rg6 70. Qf5 1/2-1/2

[Event "Cheliabinsk EKRO Cup 11th"]
[Site "Cheliabinsk"]
[Date "2012.05.06"]
[Round "5"]
[White "Kozirev, Alexander"]
[Black "Lefebr, Vladislav"]
[Result "1-0"]
[WhiteElo "2253"]
[BlackElo "2097"]
[PlyCount "59"]
[EventDate "2012.05.02"]
[EventType "swiss"]
[EventRounds "9"]
[EventCountry "RUS"]
[SourceTitle "CBM 148 Extra"]
[Source "ChessBase"]
[SourceDate "2012.06.22"]
[SourceVersion "1"]
[SourceVersionDate "2012.06.22"]
[SourceQuality "1"]

1. e4 c6 2. d4 g6 3. Nc3 d5 4. Nf3 Bg7 5. Bf4 Nf6 6. e5 Ne4 7. Nxe4 dxe4 8. Ng5 f6 9. Nxe4 fxe5 10. dxe5 Qxd1+ 11. Rxd1 Nd7 12. e6 Nf8 13. Bc1 Nxe6 14. Bc4 Nd4 15. c3 Nf5 16. 0-0 Bd7 17. Nc5 Nd6 18. Rfe1 Nxc4 19. Rxd7 Bf6 20. Rxb7 Nd6 21. Rc7 0-0 22. Rxc6 Rfc8 23. Rxc8+ Rxc8 24. Ne4 Nxe4 25. Rxe4 Rd8 26. Kf1 Kf7 27. Ke2 a5 28. Bd2 Rb8 29. b3 Rc8 30. Kd3 1-0

[Event "Cheliabinsk Region-ch"]
[Site "Cheliabinsk"]
[Date "2012.02.25"]
[Round "8"]
[White "Kosov, Viacheslav"]
[Black "Lefebr, Vladislav"]
[Result "1/2-1/2"]
[WhiteElo "2028"]
[BlackElo "2128"]
[PlyCount "21"]
[EventDate "2012.02.18"]
[EventType "swiss"]
[EventRounds "9"]
[EventCountry "RUS"]
[SourceTitle "EXT 2014"]
[Source "ChessBase"]
[SourceDate "2013.11.20"]
[SourceVersion "1"]
[SourceVersionDate "2013.11.20"]
[SourceQuality "1"]

1. e4 e5 2. Nf3 Nc6 3. Bb5 a6 4. Ba4 Nf6 5. 0-0 b5 6. Bb3 Be7 7. c3 d6 8. Re1 0-0 9. d4 Re8 10. Ng5 Rf8 11. Nf3 1/2-1/2

[Event "Cheliabinsk Region-ch"]
[Site "Cheliabinsk"]
[Date "2012.02.24"]
[Round "7"]
[White "Lefebr, Vladislav"]
[Black "Ivanov, Stepan"]
[Result "1-0"]
[WhiteElo "2128"]
[BlackElo "2021"]
[PlyCount "45"]
[EventDate "2012.02.18"]
[EventType "swiss"]
[EventRounds "9"]
[EventCountry "RUS"]
[SourceTitle "EXT 2014"]
[Source "ChessBase"]
[SourceDate "2013.11.20"]
[SourceVersion "1"]
[SourceVersionDate "2013.11.20"]
[SourceQuality "1"]

1. e4 e5 2. f4 exf4 3. Nf3 g5 4. h4 d5 5. Nxg5 h6 6. Nxf7 Kxf7 7. d4 Nf6 8. e5 Ng4 9. Bxf4 h5 10. Bd3 Bh6 11. Bxh6 Rxh6 12. Nd2 Nc6 13. Nf3 Kg7 14. Qd2 Qe7 15. 0-0 Be6 16. c3 Rf8 17. Ng5 Nd8 18. Rxf8 Qxf8 19. Rf1 Qe7 20. Bf5 Bxf5 21. Rxf5 Rh8 22. Qd3 Rf8 23. Rf7+ 1-0

[Event "Cheliabinsk Region-ch"]
[Site "Cheliabinsk"]
[Date "2012.02.23"]
[Round "6"]
[White "Lefebr, Vladislav"]
[Black "Panov, Maksim"]
[Result "0-1"]
[WhiteElo "2128"]
[BlackElo "2053"]
[PlyCount "58"]
[EventDate "2012.02.18"]
[EventType "swiss"]
[EventRounds "9"]
[EventCountry "RUS"]
[SourceTitle "EXT 2014"]
[Source "ChessBase"]
[SourceDate "2013.11.20"]
[SourceVersion "1"]
[SourceVersionDate "2013.11.20"]
[SourceQuality "1"]

1. g4 e5 2. Bg2 Nc6 3. h3 Nge7 4. c4 Ng6 5. d3 d6 6. Nf3 Be7 7. Nc3 0-0 8. e4 Nh4 9. Nxh4 Bxh4 10. Be3 Ne7 11. Qd2 Ng6 12. Ne2 Be6 13. 0-0-0 c6 14. f4 exf4 15. Nxf4 Nxf4 16. Bxf4 Be7 17. Kb1 d5 18. Qc2 dxc4 19. dxc4 Qa5 20. b3 b5 21. c5 Rfe8 22. Rhe1 Rad8 23. Bd6 Bxd6 24. cxd6 Rxd6 25. Rxd6 Qxe1+ 26. Kb2 h6 27. Rxc6 Rd8 28. Qc1 Rd1 29. Rc8+ Kh7 0-1

[Event "Cheliabinsk Region-ch"]
[Site "Cheliabinsk"]
[Date "2012.02.22"]
[Round "5"]
[White "Vaseptsov, Maxim"]
[Black "Lefebr, Vladislav"]
[Result "1-0"]
[WhiteElo "2193"]
[BlackElo "2128"]
[PlyCount "41"]
[EventDate "2012.02.18"]
[EventType "swiss"]
[EventRounds "9"]
[EventCountry "RUS"]
[SourceTitle "EXT 2014"]
[Source "ChessBase"]
[SourceDate "2013.11.20"]
[SourceVersion "1"]
[SourceVersionDate "2013.11.20"]
[SourceQuality "1"]

1. e4 c6 2. d4 g6 3. c4 d5 4. e5 Bg7 5. Nc3 Nh6 6. cxd5 cxd5 7. h4 Nc6 8. h5 e6 9. Nb5 Nf5 10. g4 a6 11. gxf5 axb5 12. f6 Bf8 13. hxg6 fxg6 14. Bd3 Bb4+ 15. Kf1 Kd7 16. Nf3 Kc7 17. Bh6 Bf8 18. Qd2 Bd7 19. Ng5 Bxh6 20. Rxh6 Qg8 21. Qf4 1-0

[Event "Cheliabinsk Kibizov Memorial 6th"]
[Site "Cheliabinsk"]
[Date "2011.06.30"]
[Round "7"]
[White "Safronov, Sergey"]
[Black "Lefebr, Vladislav"]
[Result "1-0"]
[WhiteElo "2254"]
[BlackElo "2100"]
[PlyCount "101"]
[EventDate "2011.06.24"]
[EventType "swiss"]
[EventRounds "9"]
[EventCountry "RUS"]
[SourceTitle "EXT 2022"]
[Source "ChessBase"]
[SourceDate "2021.10.06"]
[SourceVersion "1"]
[SourceVersionDate "2021.10.06"]
[SourceQuality "1"]

1. d4 Nf6 2. c4 e6 3. Nf3 d5 4. g3 c5 5. cxd5 exd5 6. Bg2 Nc6 7. 0-0 Be7 8. Nc3 a6 9. dxc5 Bxc5 10. Bg5 Be6 11. Bxf6 gxf6 12. Rc1 Ba7 13. e3 0-0 14. Ne2 Bg4 15. h3 Bf5 16. Nfd4 Nxd4 17. Nxd4 Be6 18. Nxe6 fxe6 19. Qg4+ Kf7 20. Qh5+ Kg7 21. e4 d4 22. Qg4+ Kf7 23. e5 f5 24. Qh5+ Kg7 25. Bxb7 Rb8 26. Bxa6 Rxb2 27. Rc8 Qe7 28. Rfc1 Rxc8 29. Rxc8 Rb8 30. Rc1 Rd8 31. Qe2 Kh8 32. Rc6 d3 33. Bxd3 Qa3 34. Ra6 Qc5 35. Bc4 f4 36. gxf4 Rg8+ 37. Kh1 Qd4 38. Rxe6 Qc3 39. Rh6 Qc1+ 40. Qf1 Qxf4 41. Bxg8 Qxh6 42. Bb3 Bb8 43. f4 Qf8 44. Qg2 Ba7 45. Qd5 Qc8 46. Kg2 Be3 47. Kf3 Bb6 48. Qe6 Qc3+ 49. Kg4 h5+ 50. Kxh5 Qf3+ 51. Qg4 1-0

[Event "Cheliabinsk Kibizov Memorial 6th"]
[Site "Cheliabinsk"]
[Date "2011.06.28"]
[Round "5"]
[White "Lefebr, Vladislav"]
[Black "Matsenko, Vadim"]
[Result "1/2-1/2"]
[WhiteElo "2100"]
[BlackElo "2176"]
[PlyCount "105"]
[EventDate "2011.06.24"]
[EventType "swiss"]
[EventRounds "9"]
[EventCountry "RUS"]
[SourceTitle "EXT 2022"]
[Source "ChessBase"]
[SourceDate "2021.10.06"]
[SourceVersion "1"]
[SourceVersionDate "2021.10.06"]
[SourceQuality "1"]

1. e4 c5 2. Nc3 Nc6 3. f4 d6 4. Bc4 Nf6 5. d3 e6 6. Nf3 Be7 7. 0-0 0-0 8. Qe1 d5 9. Bb3 d4 10. Ne2 b5 11. e5 Nd5 12. Bxd5 Qxd5 13. a4 c4 14. axb5 Qxb5 15. Kh1 Rd8 16. c3 Bc5 17. cxd4 Nxd4 18. Nexd4 Bxd4 19. Qe4 Bb7 20. Nxd4 Qd7 21. Qe2 cxd3 22. Qxd3 Qxd4 23. Qxd4 Rxd4 24. Be3 Rb4 25. Rf2 Re4 26. Bc5 Rc4 27. Bd6 Rac8 28. h4 Rc2 29. Raf1 a5 30. Kg1 h5 31. Rxc2 Rxc2 32. Rf2 Rc1+ 33. Kh2 a4 34. Ba3 Bd5 35. Bd6 Kh7 36. f5 Rc4 37. Be7 Re4 38. Bg5 exf5 39. Bf4 Kg8 40. Kg3 Rb4 41. Rd2 Be6 42. Rd8+ Kh7 43. Rd2 Kg6 44. Kf3 Rb5 45. g3 Bd5+ 46. Ke3 Be6 47. Rf2 Kh7 48. Rd2 Rb8 49. Kd4 Rc8 50. Ke3 Kg8 51. Bg5 Kf8 52. Rd8+ Rxd8 53. Bxd8 1/2-1/2

[Event "UrFO-ch op"]
[Site "Cheliabinsk"]
[Date "2011.03.26"]
[Round "8"]
[White "Kozirev, Alexander"]
[Black "Lefebr, Vladislav"]
[Result "0-1"]
[WhiteElo "2336"]
[BlackElo "2093"]
[PlyCount "68"]
[EventDate "2011.03.19"]
[EventType "swiss"]
[EventRounds "9"]
[EventCountry "RUS"]
[SourceTitle "EXT 2012"]
[Source "ChessBase"]
[SourceDate "2011.11.24"]
[SourceVersion "1"]
[SourceVersionDate "2011.11.24"]
[SourceQuality "1"]

1. e4 c6 2. d4 g6 3. c4 d5 4. exd5 cxd5 5. Nc3 Bg7 6. cxd5 Nf6 7. Qb3 0-0 8. Be2 Nbd7 9. Bf3 Nb6 10. Bf4 Bf5 11. Rd1 Qd7 12. h3 h5 13. Nge2 Rfd8 14. d6 exd6 15. 0-0 d5 16. Be5 Ne4 17. Rfe1 Rac8 18. Nb5 Bxe5 19. dxe5 Nc5 20. Qb4 Na6 21. Qa5 Nc4 22. Qa4 Nxb2 23. Qb3 Nxd1 24. Nxa7 Bc2 25. Qb6 Rc4 26. Nd4 Rb4 27. Nab5 Nc3 28. e6 fxe6 29. Nxc2 Rxb5 30. Qe3 Ne4 31. Nd4 Rb4 32. Qh6 Qh7 33. Qxh7+ Kxh7 34. Nxe6 Rd6 0-1

[Event "UrFO-ch op"]
[Site "Cheliabinsk"]
[Date "2011.03.23"]
[Round "6"]
[White "Suslova, Alena"]
[Black "Lefebr, Vladislav"]
[Result "1-0"]
[WhiteElo "2236"]
[BlackElo "2093"]
[PlyCount "117"]
[EventDate "2011.03.19"]
[EventType "swiss"]
[EventRounds "9"]
[EventCountry "RUS"]
[SourceTitle "EXT 2012"]
[Source "ChessBase"]
[SourceDate "2011.11.24"]
[SourceVersion "1"]
[SourceVersionDate "2011.11.24"]
[SourceQuality "1"]

1. c4 c6 2. e4 g6 3. Nc3 Bg7 4. d4 d5 5. cxd5 cxd5 6. Nxd5 Nc6 7. Bf4 Bxd4 8. Nc7+ Kf8 9. Nxa8 e5 10. Be3 Nf6 11. Bxd4 Nxd4 12. Bd3 Nh5 13. Ne2 Bg4 14. Qd2 Bxe2 15. Bxe2 Nf4 16. Bf1 Qxa8 17. 0-0-0 Kg7 18. g3 Nfe6 19. Kb1 b6 20. Bg2 Rc8 21. Rc1 Rd8 22. Qe3 a5 23. f4 f6 24. Bf1 Nc5 25. fxe5 fxe5 26. Bg2 Qa6 27. Rhd1 h6 28. Bf1 Qb7 29. Re1 a4 30. Bc4 Rf8 31. Rf1 Qxe4+ 32. Qxe4 Nxe4 33. Rxf8 Kxf8 34. Rf1+ Ke7 35. Kc1 Nd6 36. Bd3 g5 37. Kd2 Ke6 38. g4 Kd5 39. Rf6 Ne6 40. Rxh6 e4 41. Be2 Nf4 42. Ke3 Ke5 43. Kf2 Nd5 44. Rh8 Kd4 45. Ra8 b5 46. Rb8 b4 47. Ra8 e3+ 48. Ke1 Nb6 49. Ra6 Ndc8 50. Ra5 Nd5 51. Rxa4 Nd6 52. Ra5 Nf4 53. Rxg5 Ne4 54. Rf5 Ng2+ 55. Kf1 Nh4 56. Rf8 Nd2+ 57. Ke1 Ng6 58. Rd8+ Ke4 59. Bd3+ 1-0

[Event "Cheliabinsk-ch"]
[Site "Cheliabinsk"]
[Date "2011.03.05"]
[Round "8"]
[White "Lefebr, Vladislav"]
[Black "Eryshkanova, Anastasiya"]
[Result "0-1"]
[WhiteElo "2085"]
[BlackElo "2168"]
[PlyCount "54"]
[EventDate "2011.02.26"]
[EventType "swiss"]
[EventRounds "9"]
[EventCountry "RUS"]
[SourceTitle "CBM 141 Extra"]
[Source "ChessBase"]
[SourceDate "2011.05.03"]
[SourceVersion "1"]
[SourceVersionDate "2011.05.03"]
[SourceQuality "1"]

1. e4 e5 2. f4 exf4 3. Nf3 h6 4. Nc3 g5 5. Bc4 Bg7 6. d4 d6 7. 0-0 Ne7 8. h4 Ng6 9. h5 Ne7 10. g3 g4 11. Nh4 f3 12. Nxf3 gxf3 13. Qxf3 Bxd4+ 14. Kh2 Be6 15. Bxe6 fxe6 16. Bxh6 Rxh6 17. Qf8+ Kd7 18. Qxh6 Nbc6 19. g4 Ne5 20. Kh3 Qg8 21. Qf4 Qh8 22. h6 Rg8 23. g5 Nf7 24. Qxf7 Rxg5 25. Rf4 Bxc3 26. Raf1 Be5 27. Qf8 Rg8 0-1

[Event "Cheliabinsk-ch"]
[Site "Cheliabinsk"]
[Date "2011.03.02"]
[Round "5"]
[White "Bashkov, Viacheslav"]
[Black "Lefebr, Vladislav"]
[Result "1-0"]
[WhiteElo "2307"]
[BlackElo "2085"]
[PlyCount "57"]
[EventDate "2011.02.26"]
[EventType "swiss"]
[EventRounds "9"]
[EventCountry "RUS"]
[SourceTitle "CBM 141 Extra"]
[Source "ChessBase"]
[SourceDate "2011.05.03"]
[SourceVersion "1"]
[SourceVersionDate "2011.05.03"]
[SourceQuality "1"]

1. e4 c6 2. d4 g6 3. Nc3 d5 4. Nf3 Bg7 5. h3 Nf6 6. e5 Ne4 7. Bd3 Bf5 8. 0-0 Nxc3 9. bxc3 Bxd3 10. Qxd3 Na6 11. e6 fxe6 12. Ng5 Qd7 13. Nxh7 0-0-0 14. Ng5 Rdf8 15. Re1 Nc7 16. Qg3 e5 17. dxe5 Qf5 18. Ba3 Rh5 19. Bxe7 Re8 20. Bf6 Bxf6 21. exf6 Qxf6 22. Rxe8+ Nxe8 23. Re1 Nc7 24. Ne6 Ne8 25. Nf4 Re5 26. Rxe5 Qxe5 27. Nxg6 Qe1+ 28. Kh2 Nc7 29. Qd6 1-0

[Event "Cheliabinsk-ch"]
[Site "Cheliabinsk"]
[Date "2011.03.01"]
[Round "4"]
[White "Gortinsky, Vladislav"]
[Black "Lefebr, Vladislav"]
[Result "0-1"]
[WhiteElo "1708"]
[BlackElo "2085"]
[PlyCount "60"]
[EventDate "2011.02.26"]
[EventType "swiss"]
[EventRounds "9"]
[EventCountry "RUS"]
[SourceTitle "CBM 141 Extra"]
[Source "ChessBase"]
[SourceDate "2011.05.03"]
[SourceVersion "1"]
[SourceVersionDate "2011.05.03"]
[SourceQuality "1"]

1. d4 g6 2. e4 Bg7 3. Nf3 c6 4. c3 d5 5. e5 Nh6 6. Be2 f6 7. exf6 exf6 8. Be3 0-0 9. 0-0 Na6 10. Qd2 Nf5 11. Bd3 Re8 12. Na3 Nc7 13. Nc2 Nxe3 14. fxe3 Bh6 15. Qf2 Ne6 16. Rae1 f5 17. Ne5 Qg5 18. h4 Qe7 19. Qg3 Qg7 20. h5 Nf8 21. hxg6 hxg6 22. Qh4 Qh7 23. Qg3 Bg7 24. Nf3 Bd7 25. Ng5 Qh6 26. Rf4 Bf6 27. Nh3 Ne6 28. Rxf5 Bh4 29. Qg4 Bxe1 30. Nxe1 Ng7 0-1

[Event "Cheliabinsk-ch"]
[Site "Cheliabinsk"]
[Date "2011.02.27"]
[Round "2"]
[White "Kholopov, Alexander A"]
[Black "Lefebr, Vladislav"]
[Result "1-0"]
[WhiteElo "2314"]
[BlackElo "2085"]
[PlyCount "111"]
[EventDate "2011.02.26"]
[EventType "swiss"]
[EventRounds "9"]
[EventCountry "RUS"]
[SourceTitle "CBM 141 Extra"]
[Source "ChessBase"]
[SourceDate "2011.05.03"]
[SourceVersion "1"]
[SourceVersionDate "2011.05.03"]
[SourceQuality "1"]

1. Nf3 g6 2. e4 Bg7 3. d4 c6 4. Bd3 d5 5. e5 Nh6 6. Bf4 f6 7. 0-0 0-0 8. Re1 Nf7 9. Nbd2 Na6 10. c3 Nc7 11. Qc2 Ne6 12. Bg3 f5 13. h4 Nh6 14. Ng5 f4 15. Bh2 Ng4 16. Ndf3 Nxh2 17. Kxh2 Nxg5 18. Nxg5 Bf5 19. Bxf5 Rxf5 20. c4 e6 21. Qb3 Qe7 22. cxd5 exd5 23. Kg1 h6 24. Nf3 g5 25. hxg5 hxg5 26. Nh2 Raf8 27. f3 Rd8 28. Rac1 Qd7 29. Ng4 b6 30. Qa4 Rc8 31. Rc2 Qb7 32. b4 Rf7 33. Rec1 Rfc7 34. Rc3 a5 35. bxa5 bxa5 36. Qc2 Qb4 37. Rd1 c5 38. Rb3 cxd4 39. Qg6 Qe7 40. Rb6 Kh8 41. Qh5+ Kg8 42. Rg6 Rc6 43. Nf6+ Kf8 44. Qxg5 Qf7 45. Kh2 Re6 46. Nh7+ Kg8 47. Nf6+ Kf8 48. Rxd4 Rxe5 49. Qxe5 Qxg6 50. Rxf4 Qh6+ 51. Kg3 Qg6+ 52. Ng4+ Kg8 53. Qxd5+ Kh8 54. Rf5 Rg8 55. Rh5+ Bh6 56. Rxh6+ 1-0

[Event "Moscow op-E"]
[Site "Moscow"]
[Date "2011.02.02"]
[Round "5.225"]
[White "Lefebr, Vladislav"]
[Black "Malyshev, Roman B"]
[Result "1-0"]
[WhiteElo "2085"]
[BlackElo "1804"]
[PlyCount "47"]
[EventDate "2011.01.29"]
[EventType "swiss"]
[EventRounds "9"]
[EventCountry "RUS"]
[SourceTitle "EXT 2022"]
[Source "ChessBase"]
[SourceDate "2021.10.06"]
[SourceVersion "1"]
[SourceVersionDate "2021.10.06"]
[SourceQuality "1"]

1. e4 g6 2. d4 Bg7 3. Nc3 d6 4. Be2 e5 5. dxe5 Bxe5 6. f4 Bg7 7. Nf3 Nc6 8. 0-0 Be6 9. Ng5 Nd4 10. Nxe6 Nxe2+ 11. Qxe2 fxe6 12. Qb5+ c6 13. Qxb7 Bd4+ 14. Kh1 Ne7 15. f5 Rb8 16. Qa6 0-0 17. Bh6 Rf6 18. fxe6 Rxb2 19. Qc4 Be5 20. Rxf6 Bxf6 21. Rf1 Bg7 22. Bxg7 Kxg7 23. Qd4+ Kg8 24. Rf7 1-0

[Event "Cheliabinsk-ch"]
[Site "Cheliabinsk"]
[Date "2011.01.22"]
[Round "6"]
[White "Kanakin, Konstantin"]
[Black "Lefebr, Vladislav"]
[Result "0-1"]
[WhiteElo "1922"]
[BlackElo "2085"]
[PlyCount "112"]
[EventDate "2011.01.13"]
[EventType "swiss"]
[EventRounds "9"]
[EventCountry "RUS"]
[SourceTitle "EXT 2012"]
[Source "ChessBase"]
[SourceDate "2011.11.24"]
[SourceVersion "1"]
[SourceVersionDate "2011.11.24"]
[SourceQuality "1"]

1. d4 d5 2. Nf3 Nc6 3. Bf4 f6 4. e3 h5 5. h4 Bg4 6. Be2 Qd7 7. Nbd2 Nh6 8. c4 e6 9. cxd5 exd5 10. Rc1 Bb4 11. a3 Bxd2+ 12. Qxd2 Nf5 13. b4 Rc8 14. Qc2 Nd8 15. Bd3 Ne7 16. Nd2 0-0 17. Nb3 b6 18. Ba6 Ra8 19. b5 Ne6 20. Bg3 Rae8 21. Bb7 Qxb5 22. a4 Qb4+ 23. Qc3 Qxa4 24. 0-0 Be2 25. Ra1 Qc4 26. Rfc1 Qxc3 27. Rxc3 Bc4 28. Rxa7 Nf5 29. Bh2 Nexd4 30. Nxd4 Nxd4 31. Rxc4 dxc4 32. Bd5+ Kh8 33. Bxc4 Nc6 34. Rxc7 Rc8 35. Be2 Nb4 36. Bxh5 Nd5 37. Rxc8 Rxc8 38. Bd6 Rc1+ 39. Kh2 b5 40. Bf7 Nc3 41. Bb4 Rc2 42. Bg6 Rc1 43. Bf7 Ne4 44. f3 Rb1 45. Bf8 Nd2 46. Bg6 Rb2 47. Kg1 b4 48. h5 Nc4 49. Bc5 Ne5 50. Bd4 Rd2 51. Be4 Nd3 52. h6 b3 53. h7 Nc1 54. Kf1 b2 55. Bc3 Rd1+ 56. Kf2 Nd3+ 0-1